| 000 | 00930cab a2200289 4500 | ||
|---|---|---|---|
| 001 | ABS47357 | ||
| 008 | 090401t1992 xxu||||| |||| 00| 0 eng d | ||
| 035 | _a(Sirsi) u61731 | ||
| 041 | _aeng | ||
| 100 | _aHarris, J. | ||
| 245 | _aFresh fields | ||
| 260 | _c1992 | ||
| 350 | _a0 | ||
| 490 |
_aSolicitors` Journal _v136(39) 9 October 1992, 996(1) |
||
| 520 | _aDescribes a new grouping of three legal firms specialising in agricultural law called AgriLaw, which has been formed to serve the farming community. The founders hope that the organisation will expand so that each region will be represented by a member firm. | ||
| 650 | _aAGRICULTURAL LAW | ||
| 650 | _aFARMERS | ||
| 650 | _aFLINT BISHOP AND BARNETT | ||
| 650 | _aLEGAL ADVICE | ||
| 650 | _aROYTHORNE & CO | ||
| 650 | _aSOLICITORS | ||
| 650 | _aTAYLOR VINTERS | ||
| 690 | _aLAW | ||
| 690 | _aRURAL PRACTICE | ||
| 942 | _n0 | ||
| 948 | _c04/03/1997 | ||
| 999 |
_c38286 _d38286 |
||